| 000 | 01172nam a2200229 i 4500 | ||
|---|---|---|---|
| 001 | 155013 | ||
| 003 | ES-MaACL | ||
| 005 | 20230906205930.0 | ||
| 008 | 981020s1888 sp |||| | spa d | ||
| 040 |
_aCCPB | B _bspa _cCCPB | B |
||
| 100 | 1 |
_aGutiérrez Salazar, Pedro. _9127659 |
|
| 245 | 1 | 3 |
_aEl crimen de la calle de Fuencarral _b: extracto y juicio del proceso en forma de proyecto-sentencia, con la carta del ex-director de la cárcel Modelo, D. José Millan Astray, en que pide copia de lo publicado en "El País" / _cpor el Verdadero Estudiante [seud. de Pedro Gutiérrez Salazar]. |
| 260 |
_aMadrid : _b[s.n.], _c1888 ( _fTip. de Manuel Ginés Hernández, impresor de la Real Casa) |
||
| 300 |
_a97 p. ; _c17 cm. |
||
| 500 | _aProceso seguido contra Higinia Balaguer y Ostalet, Dolores Ávila, María Ávila, José Vázquez Varela y José Millán Astray. | ||
| 500 | _a"Primera entrega" | ||
| 530 | _aDisponible en formato digital. | ||
| 594 | _aConsta en la p. 8. | ||
| 700 | 1 |
_aBalaguer, Higinia. _9170151 |
|
| 852 |
_aES-MaACL _jFol-Laf-494 _z-- Rúst. |
||
| 856 |
_uhttp://bdh-rd.bne.es/viewer.vm?id=0000192790&page=1 _zBiblioteca Digital Hispánica |
||
| 999 |
_c155013 _d155013 |
||